000 00402pab a2200145 454500
008 180718b xxu||||| |||| 00| 0 eng d
100 _aRavindranath, S
245 _aElectoral reform in India - introduction of voting machine in the electoral system
650 _a Voting
650 _a Reform
650 _a Polls
650 _aElections - India
773 _aPolitical Science Review
909 _a22111
999 _c22111
_d22111